000 00382nam a2200145Ia 4500
008 230917s9999||||xx |||||||||||||| ||und||
040 _e226696
_aMAIN
041 _aEnglish
082 _a519.23 K141P
100 _aKapoor, Sunny
245 0 _aPerformance evaluation of stochastic models on some mobile communication systems
260 _c2014
300 _a346 p.
942 _cTH
999 _c126414
_d126414